000 00735nam a2200229 i 4500
001 18855
003 ES-MaACL
005 20230906151934.0
007 t|
008 020321s1958 sp ||||1| spa d
080 _a791.43:282
245 0 3 _aLa Iglesia ante el cine /
_c[recopilador] Salvador Muñoz Iglesias.
260 _aMadrid :
_b[Centro Español de Estudios Cinematográficos],
_c1958.
300 _a203 p. ;
_c16 cm.
490 1 _aA B C del cine ;
_v1
650 1 4 _aCine-
_xAspectos religiosos.
_911014
700 1 _aMuñoz Iglesias, Salvador.
_984436
710 2 _aCentro Español de Estudios Cinematográficos.
_92730
830 1 _aA B C del cine ;
_v1
_9180527
852 _aES-MaACL
_jG-322
999 _c18855
_d18855